| 000 | 00502nam a2200169Ia 4500 | ||
|---|---|---|---|
| 003 | IN-BaIIA | ||
| 008 | 211028s9999 xx 000 0 eng d | ||
| 020 | _a0-345-40946-9 | ||
| 040 | _cIIA Library | ||
| 080 |
_a501 _bSAG |
||
| 100 |
_aSagan, C. _924355 |
||
| 245 | 0 |
_aDemon-Haunted World _bscience as a candle in the dark _cC. Sagan |
|
| 260 |
_aNew York _bBallantine Books _c1997 |
||
| 300 | _axviii, 457p. | ||
| 650 |
_ascience _91299 |
||
| 942 | _cBK | ||
| 999 |
_c13902 _d13902 |
||